000 00612nam a22001937a 4500
999 _c172743
_d172743
005 20200212122652.0
010 _aENG-127705
020 _c450.00
_a978353882259
035 _aEN-111237
037 _bDBAD/PUB
082 _a300
100 _aSengupta,Depashigh
245 _aThe life of Z:
_cby Depashigh Sengupta
_bUnderstanding the Digital Pre-teen and Adolescent Generation/
260 _aNew Delhi
_c2020
_bSage
270 _aB1/1-1 Mohan Cooperative Industrial Area Mathura Road
_e110044
_bNew Delhi
300 _axiii;251p.
_b22cm(pbk)
500 _a
942 _2ddc
_cEN
_h300
_mSEN